01015 a2200193 450000500170000002000180001708200120003510000200004724500620006725000130012926000470014230000400018994200130022999900150024295201360025795201400039395201360053395201520066920250611064507.0 a1-292-40948-7 a332 MIS aMISHKIN, F. S. aThe Economics of Money, Banking and Financial Markets a13th Ed. aLondon,bPearson,Education Limited,c2022. a718p.: Ill.; figures.bIndexc25cm. 2ddccBKS c3699d3699 r2025-06-11 06:46:43l0o332 MISp00000012570v534279.00w2025-06-11yBKS102ddc407000aCBEMLbCBEMLcGENd2024-09-17g178093.00 r2025-06-11 06:46:43l0o332 MISp00000012571v534279.00w2025-06-11yBKS102ddc407000aCBEMLbCBEMLcSPECIALd2024-09-17g178093.00 r2025-06-11 06:46:43l0o332 MISp00000012572v534279.00w2025-06-11yBKS102ddc407000aCBEMLbCBEMLcGENd2024-09-17g178093.00 r2025-06-28 12:49:38l0o332.1 MISpDOM000219v534279.00w2025-06-11yBKS102ddc407000aCBEMLbCBEMLcGENd2024-09-17eLibrary budgetg178093.00